000 00751nam a2200217Ii 4500
001 16286
003 CO-ViMGA
008 241108s9999||||xx |||||||||||||| ||und||
020 _a9789587196061
040 _aCO-ViMGA
_bspa
_erda
_cCO-ViMGA
041 0 _aunk
082 0 4 _a303.66 S25l
100 1 _aAntonio Gramsci
_944898
245 1 0 _aLiberémonos de la guerra :
_bpasado, presente y futuro de las clases y grupos subalternos
264 1 _a[Lugar de publicación no identificado] : Univesidad Nacional de Colombia, [Fecha de publicación no identificada]
300 _avolumen
336 _atext
_btxt
_2rdacontent
337 _aunmediated
_bn
_2rdamedia
338 _avolume
_bnc
_2rdacarrier
940 _aidficha_siabuc: 15956. -- ficha_no_siabuc:16286
999 _c50238
_d50238